Estudios sobre el pronombre

Tallennettuna:
Bibliografiset tiedot
Päätekijä: Marcos Marín, Francisco
Aineistotyyppi: Kirja
Kieli:Undetermined
Julkaistu: Madrid, España Gredos 1978
Aiheet:
Tagit: Lisää tagi
Ei tageja, Lisää ensimmäinen tagi!

MARC

LEADER 00000nam a2200000Ia 4500
008 170316s9999 xx 000 0 und d
090 |a 415-E M-5e 
100 |a Marcos Marín, Francisco 
245 |a Estudios sobre el pronombre 
260 |a Madrid, España 
260 |b Gredos 
260 |c 1978 
300 |a 332 páginas 
650 |a GRAMÁTICA ESPAÑOLA 
999 |c 19045  |d 19045 
040 |a cru BVZT 
942 |c 15 D  |h 415-E M-5e  |2 z